000 00201nam a2200085Ia 4500
008 120527s9999 xx 000 0 und d
100 _aGINZBURG, V.L.
245 _aThe origin of cosmic Rays.
942 _cBK
999 _c24193
_d24193